| 000 | 00549nam a2200217Ia 4500 | ||
|---|---|---|---|
| 008 | 160803s9999 xx 000 0 und d | ||
| 020 | _a9780590641746 | ||
| 100 | _aMarzollo, Jean | ||
| 245 | _aI am snow / | ||
| 245 | _cby Jean Marzollo ; illustrated by Judith Moffatt. | ||
| 260 | _aNew York : | ||
| 260 | _bScholastic Inc. | ||
| 260 | _c1998 | ||
| 300 | _a1 volume (unpaged) : | ||
| 300 | _bcolor illustrations ; | ||
| 300 | _c23 cm. | ||
| 650 | _aSnow -- | ||
| 650 | _aSnow. | ||
| 650 | _xJuvenile literature. | ||
| 700 | _a270 | ||
| 999 |
_c298162 _d298162 |
||